| 000 | 00469nam a2200157 i 4500 | ||
|---|---|---|---|
| 001 | 57377 | ||
| 003 | ES-MaACL | ||
| 005 | 20230906163550.0 | ||
| 007 | t| | ||
| 008 | 031016s1910 fr ||||1| fre d | ||
| 100 | 1 |
_aDriault, Edouard. _945636 |
|
| 245 | 1 | 0 |
_aNapoleon et l'Europe _b: la politique exterieur du premier consul, 1800-1903 / _cpar Edouard Driault. |
| 260 |
_aParis : _bFélix Alcan, _c1910. |
||
| 300 |
_aVI, 481 p. ; _c23 cm. |
||
| 852 |
_aES-MaACL _jG-7543 |
||
| 999 |
_c57377 _d57377 |
||